| 000 | 00974nam a2200253Ia 4500 | ||
|---|---|---|---|
| 999 |
_c49428 _d49428 |
||
| 001 | 16351 | ||
| 003 | GE_BSU | ||
| 005 | 20230307120232.0 | ||
| 008 | 181216s2012||||ge |||||||||||||| ||geo|| | ||
| 020 | _a9789941043611 | ||
| 040 | _cGE_BSU | ||
| 041 | _ageo | ||
| 080 | _a347.961 ს-97 | ||
| 100 |
_aსუხიტაშვილი, დავით _99248 |
||
| 245 |
_aსანოტარო სამართალი / _cდავით სუხიტაშვილი ; [რედ. რომან შენგელია]. |
||
| 264 |
_aთბილისი, _c2012. |
||
| 300 |
_a368 გვ.; _b20 სმ. |
||
| 501 | _aდანართები: გვ. 320-368. | ||
| 504 | _a ბიბლიოგრ. ტექსტ. შენიშვნ. | ||
| 541 | _h8ლ. | ||
| 653 | _aსანოტარო სამართალი | ||
| 700 |
_aშენგელია, რომან _eრედაქტორი _917128 |
||
| 942 |
_cBK _2udc |
||